书目信息 |
| 题名: |
马克思 恩格斯 列宁 斯大林论文艺
|
|
| 作者: | ;北京大学中文系文艺理论教研室 编 | |
| 分册: | ||
| 出版信息: | 北京 人民文学出版社 1953 |
|
| 页数: | 150页 | |
| 开本: | 21cm | |
| 丛书名: | ||
| 单 册: | ||
| 中图分类: | A569.1 | |
| 科图分类: | ||
| 主题词: | 马列著作-文艺理论--高等学校--教材 , 文艺理论-马列著作--高等学校--教材 , 马列著作--专题汇编 | |
| 电子资源: | ||
| ISBN: | ||
| 000 | 00795nam0 2200241 45 | |
| 001 | 0197026908 | |
| 005 | 20060726172429.76 | |
| 010 | @dCNY0.57 | |
| 100 | @a19970904e1953 kemy0chiy0121 ea | |
| 101 | 0 | @achi |
| 102 | @aCN@b110000 | |
| 105 | @ay z 000yy | |
| 200 | 10 | @a马克思 恩格斯 列宁 斯大林论文艺@Ama ke si en ge si lie ning si da lin lun wen yi@f本社编@Fben she bian |
| 210 | @a北京@c人民文学出版社@d1953 | |
| 215 | @a150页@d21cm | |
| 300 | @a高等学校文科教材 | |
| 606 | @a马列著作-文艺理论@x高等学校@x教材 | |
| 606 | @a文艺理论-马列著作@x高等学校@x教材 | |
| 606 | 0 | @a马列著作@x专题汇编 |
| 690 | @aA569.1@v3 | |
| 711 | 02 | @a北京大学中文系文艺理论教研室@Abei jing da xue zhong wen xi wen yi li lun jiao yan shi@4编 |
| 801 | 0 | @aCN@bTSSF@c20060726 |
| 905 | @a10447@dA569.1@e49 | |
| 马克思 恩格斯 列宁 斯大林论文艺/本社编.-北京:人民文学出版社,1953 |
| 150页;21cm |
| 高等学校文科教材 |
| ISBN :CNY0.57 |
| ● |
| 相关链接 |
|
|
|
|
正题名:马克思 恩格斯 列宁 斯大林论文艺
索取号:A569.1/49
 
预约/预借
| 序号 | 登录号 | 条形码 | 馆藏地/架位号 | 状态 | 备注 |
| 1 | 0439767 | 204397679 | 密集书库/ [索取号:A569.1/49] | 在馆 |